000 00406nam a2200133 4500
999 _c9440
_d9440
003 OSt
005 20210421120619.0
008 210421b ||||| |||| 00| 0 eng d
020 _a9781631590665
082 _a741.23
_bSTU
245 _aArt chalk/techniques and inspiration for creating art with chalk
260 _aTracy lee stum art chalk techniques and inspiration for creating art with chalk
942 _2ddc